Cơ học ứng dụng : (Giáo trình dành cho sinh viên các trường CĐSP)

Nội dung tài liệu giới thiệu một số kiến thức cơ bản về cơ học vật rắn và ứng dụng những kiến thức đó vào việc tìm hiểu nguyên lí làm việc của các cơ cấu và kết cấu thường gặp, cách tiếp cận và văn phong của tài liệu thích h...

Deskribapen osoa

Gorde:
Xehetasun bibliografikoak
Egile nagusia: Nguyễn, Xuân Lạc
Formatua: Liburua
Hizkuntza:Undetermined
Argitaratua: Hà Nội Giáo Dục 1999
Gaiak:
Etiketak: Etiketa erantsi
Etiketarik gabe, Izan zaitez lehena erregistro honi etiketa jartzen!
Thư viện lưu trữ: Trung tâm Học liệu Trường Đại học Cần Thơ
LEADER 01092nam a2200217Ia 4500
001 CTU_37141
008 210402s9999 xx 000 0 und d
020 |c 16000 
082 |a 531 
082 |b L101/T.1 
100 |a Nguyễn, Xuân Lạc 
245 0 |a Cơ học ứng dụng : 
245 0 |b (Giáo trình dành cho sinh viên các trường CĐSP) 
245 0 |c Nguyễn Xuân Lạc, Đỗ Như Lân 
260 |a Hà Nội 
260 |b Giáo Dục 
260 |c 1999 
520 |a Nội dung tài liệu giới thiệu một số kiến thức cơ bản về cơ học vật rắn và ứng dụng những kiến thức đó vào việc tìm hiểu nguyên lí làm việc của các cơ cấu và kết cấu thường gặp, cách tiếp cận và văn phong của tài liệu thích hợp với ngành sư phạm kỹ thuật. 
650 |a Mechanics, applied,Cơ học, ứng dụng 
904 |i Duy Bằng 
980 |a Trung tâm Học liệu Trường Đại học Cần Thơ